Problemes audiovisuels la television au Japan
Bewaard in:
| Formaat: | Boek |
|---|---|
| Taal: | Undetermined |
| Gepubliceerd in: |
Paris
La Documentation Francaise
1980
|
| Onderwerpen: | |
| Tags: |
Voeg label toe
Geen labels, Wees de eerste die dit record labelt!
|
| Thư viện lưu trữ: | Trung tâm Học liệu Trường Đại học Cần Thơ |
|---|
| LEADER | 00442nam a2200157Ia 4500 | ||
|---|---|---|---|
| 001 | CTU_82930 | ||
| 008 | 210402s9999 xx 000 0 und d | ||
| 082 | |a 384 | ||
| 082 | |b P962 | ||
| 245 | 0 | |a Problemes audiovisuels la television au Japan | |
| 260 | |a Paris | ||
| 260 | |b La Documentation Francaise | ||
| 260 | |c 1980 | ||
| 650 | |a Electronic,Television | ||
| 904 | |i QHieu(sửa) | ||
| 980 | |a Trung tâm Học liệu Trường Đại học Cần Thơ | ||